Bài tập ngôn ngữ lập trình Pascal :Với Turbo Pascal.

保存先:
書誌詳細
第一著者: Quách Tuấn Ngọc
フォーマット: 図書
言語:Vietnamese
出版事項: Giáo Dục, 1998.
主題:
タグ: タグ追加
タグなし, このレコードへの初めてのタグを付けませんか!
Thư viện lưu trữ: Mạng thư viện Đại học Đà Nẵng
LEADER 01024nam a2200313 a 4500
001 000000133
003 02849
005 20220607100538.0
008 171229s1998 vie
040 |a LSK 
041 0 |a VIE 
082 0 |a 005.133  |b QU-N 
100 1 |a Quách Tuấn Ngọc 
245 0 0 |a Bài tập ngôn ngữ lập trình Pascal :Với Turbo Pascal. 
260 |b Giáo Dục,  |c 1998. 
300 |a 187 pages ;  |c 27 cm. 
653 |a Pascal - Ngôn ngữ lập trình máy tính 
852 |a Phòng Đọc - Phòng Mượn 
901 |a 128 
927 |a Giáo trình 
OWN |a LSK 
AVA |a UDN50  |b LSK  |d 005.133 QU-N  |e check_holdings  |t Error 5003 Not defined in file expand_doc_bib_avail.  |h N  |k 1 
999 |a From the UDN01 
AVA |a UDN50  |b LSK  |d 005.133 QU-N  |e available  |t Error 5001 Not defined in file expand_doc_bib_avail.  |f 128  |g 0  |h N  |i 0  |k 1 
TYP |a Monograph 
TYP |a Printed language 
980 |a Mạng thư viện Đại học Đà Nẵng